000 00623nam a2200229K 4500
999 _c4453
_d4453
001 20905
003 GBCCL
005 20241126110519.0
008 850226s1973 tnu 000 0 eng d
020 _a0805413421
035 _a(OCoLC)11734504
040 _aEXC
_cEXC
049 _aLBBK
082 _a227.1007
_bALL
092 _bA425
100 1 _aAllen, Clifton J.,
_d1901-
_98323
245 1 4 _aThe Gospel according to Paul;
_ba study of the Letter to the Romans.
260 _aNashville,
_bBroadman Press
_c[1973]
300 _aiv, 136 p.
_c20 cm.
630 0 0 _aBible.
_pN.T.
_pRomans
_xStudy.
_98324
942 _2ddc
_cBK
_01